Monkey eats worms (Record no. 8)

MARC details
000 -LEADER
fixed length control field 01615nam a22004817a 4500
001 - CONTROL NUMBER
control field 8
003 - CONTROL NUMBER IDENTIFIER
control field FISKH
005 - DATE AND TIME OF LATEST TRANSACTION
control field 20230221103503.0
008 - FIXED-LENGTH DATA ELEMENTS--GENERAL INFORMATION
fixed length control field 230221b cb ||||| |||| 00| 0 eng d
020 ## - INTERNATIONAL STANDARD BOOK NUMBER
International Standard Book Number 0763607711 (slipcase)
020 ## - INTERNATIONAL STANDARD BOOK NUMBER
International Standard Book Number 9780763607715 (slipcase)
020 ## - INTERNATIONAL STANDARD BOOK NUMBER
International Standard Book Number 0763611840 (Pop pop pop pop pop)
020 ## - INTERNATIONAL STANDARD BOOK NUMBER
International Standard Book Number 9780763611842 (Pop pop pop pop pop)
020 ## - INTERNATIONAL STANDARD BOOK NUMBER
International Standard Book Number 0763611859 (Monkey flies away)
020 ## - INTERNATIONAL STANDARD BOOK NUMBER
International Standard Book Number 9780763611859 (Monkey flies away)
020 ## - INTERNATIONAL STANDARD BOOK NUMBER
International Standard Book Number 0763611867 (Monkey eats worms)
020 ## - INTERNATIONAL STANDARD BOOK NUMBER
International Standard Book Number 9780763611866 (Monkey eats worms)
020 ## - INTERNATIONAL STANDARD BOOK NUMBER
International Standard Book Number 0763611875 (Monkey, watch out!)
020 ## - INTERNATIONAL STANDARD BOOK NUMBER
International Standard Book Number 9780763611873 (Monkey, watch out!)
040 ## - CATALOGING SOURCE
Original cataloging agency BIB
Transcribing agency BIB
Modifying agency MUS
-- BAKER
-- BTCTA
-- OCLCG
-- BDX
-- YDXCP
-- OCLCO
-- FISKH
050 #4 - LIBRARY OF CONGRESS CALL NUMBER
Classification number PZ5 2000
082 #4 - DEWEY DECIMAL CLASSIFICATION NUMBER
Classification number 372.4
100 1# - MAIN ENTRY--PERSONAL NAME
Personal name Martin, David,
Dates associated with a name 1944-
245 10 - TITLE STATEMENT
Title Monkey eats worms
Statement of responsibility, etc. David Martin ; illustrated by Scott Nash.
250 ## - EDITION STATEMENT
Edition statement 1st ed.
260 ## - PUBLICATION, DISTRIBUTION, ETC.
Place of publication, distribution, etc. Cambridge Mass. :
Name of publisher, distributor, etc. Candlewick Press,
Date of publication, distribution, etc. 2000.
300 ## - PHYSICAL DESCRIPTION
Extent 8 p.
Other physical details ill.
Dimensions 14 cm.
490 1# - SERIES STATEMENT
Series statement Brand new readers
500 ## - GENERAL NOTE
General note In slipcase.
505 0# - FORMATTED CONTENTS NOTE
Formatted contents note Pop pop pop pop pop -- Monkey flies away -- Monkey eats worms -- Monkey, watch out.
520 ## - SUMMARY, ETC.
Summary, etc. Monkey's troubles include popping balloons, high-flying kites, and puddles.
521 ## - TARGET AUDIENCE NOTE
Target audience note 360
Source Lexile
521 ## - TARGET AUDIENCE NOTE
Target audience note F
Source Raz-Paz
650 #1 - SUBJECT ADDED ENTRY--TOPICAL TERM
Topical term or geographic name entry element Monkeys
Form subdivision Fiction.
650 #0 - SUBJECT ADDED ENTRY--TOPICAL TERM
Topical term or geographic name entry element Readers (Primary)
700 1# - ADDED ENTRY--PERSONAL NAME
Personal name Nash, Scott,
Dates associated with a name 1959-
Relator term ill.
740 02 - ADDED ENTRY--UNCONTROLLED RELATED/ANALYTICAL TITLE
Uncontrolled related/analytical title Pop pop pop pop pop.
740 02 - ADDED ENTRY--UNCONTROLLED RELATED/ANALYTICAL TITLE
Uncontrolled related/analytical title Monkey flies away.
740 02 - ADDED ENTRY--UNCONTROLLED RELATED/ANALYTICAL TITLE
Uncontrolled related/analytical title Monkey eats worms.
740 02 - ADDED ENTRY--UNCONTROLLED RELATED/ANALYTICAL TITLE
Uncontrolled related/analytical title Monkey, watch out.
830 #0 - SERIES ADDED ENTRY--UNIFORM TITLE
Uniform title Brand new readers.
942 ## - ADDED ENTRY ELEMENTS (KOHA)
Source of classification or shelving scheme Dewey Decimal Classification
Koha item type Books
Holdings
Withdrawn status Lost status Source of classification or shelving scheme Damaged status Not for loan Collection Home library Current library Shelving location Date acquired Total Checkouts Full call number Barcode Date last seen Price effective from Koha item type
    Library of Congress Classification     Juvenile Fiction Footprints International School Library Network Toul Kork Campus Footprints International School Library Network Toul Kork Campus TK Primary Library Room(4th Floor), Bookcase 7, Shelves 57-60, Dark Green Books 01/03/2023   MAR 372.4 PZ5 2000 FISTK02810 02/07/2023 01/03/2023 Books